| 000 | 01100nam a2200325 i 4500 | ||
|---|---|---|---|
| 001 | 000025909 | ||
| 003 | DO-SdBNP | ||
| 005 | 20260309143635.0 | ||
| 007 | ta | ||
| 008 | 260409s2001 dr 000 0 spa d | ||
| 040 |
_aDO-SdBNP _bspa _cBNPHU _erda |
||
| 041 | _aspa | ||
| 082 |
_a232.9 _bM475q, 2001 _222 |
||
| 100 | 1 |
_aMaza Miquel, Manuel, _d1945- _eautor _952771 |
|
| 245 | 1 | 0 |
_aQueremos ver a Jesús : _bprimeros apuntes sobre Jesús de Nazaret / _cManuel Maza Miquel. |
| 250 | _aTercera edición | ||
| 264 |
_aSanto Domingo : _bPublicaciones del Instituto Pedro Francisco Bonó _c2001 |
||
| 300 |
_a200 páginas ; _c24 cm. |
||
| 336 |
_ardacontent _btexto _2txt |
||
| 337 |
_ardamedia _bsin mediación _2n |
||
| 338 |
_ardacarrier _bvolumen _2nc |
||
| 500 | _aIncluye datos biográficos del autor en las solapas | ||
| 500 | _aIncluye referencias bibliográficas y notas al pie de las páginas | ||
| 504 | _aBibliografía : p. 197-200 | ||
| 590 | _aInventariado, 2026/DG | ||
| 600 | 1 | 4 |
_aJESUCRISTO _9444 |
| 600 | 1 | 4 |
_aJESUCRISTO _xBIOGRAFÍAS _952772 |
| 910 | _aDG | ||
| 942 |
_2ddc _cLBS1 |
||
| 999 |
_c60470 _d60470 |
||